形から市町村の名前当てクイズ1.5(飛び地編) - Statistics

General Stats
  • This quiz has been taken 12 times
  • The average score is 12 of 16
Answer Stats
Picture Answer % Correct
釧路市
100%
大垣市
100%
日高町
88%
五所川原市
88%
高崎市
88%
桐生市
88%
田尻町
88%
伊達市
75%
外ヶ浜町
75%
広島市
75%
中泊町
63%
南箕輪村
63%
三好市
63%
奄美市
63%
可児市
50%
新宮市
50%
No matching quizzes found
Score Distribution
Percent of People with Each Score
Percentile by Number Answered
Your Score History
You have not taken this quiz